Japanese Question Word Practice Sentences - Statistics

General Stats
  • This quiz has been taken 33 times
  • The average score is 5 of 10
Answer Stats
Question Answer % Correct
何を食べますか? nani wo tabemasu ka? What will you eat?
82%
このゲームはいくらですか? kono ge-mu wa ikura desuka? How much is this game?
65%
ツイストさんはすしがすきですか? tsuisuto san wa sushi ga suki desu ka? Does Twist-san like Sushi?
59%
コーヒーの味はどうですか? co-hi- no aji wa dou desu ka? How is the taste of the coffee?
53%
あれは何ですか? are wa nan desu ka? What is that?
53%
いつがっこうにいきますか? itsu gakkou ni ikimasu ka? When will you go to school?
53%
どこの国の人ですか? doko no kuni no hito desu ka? Where are you from?
53%
あなたはだれですか? anata wa dare desu ka? Who are you?
53%
なぜアニメが好きですか? naze anime ga suki desu ka? Why do you like anime?
47%
だれがいつにきますか? dare ga itsu ni ikimasu ka? Who will go when?
24%
No matching quizzes found
Score Distribution
Percent of People with Each Score
Percentile by Number Answered
Your Score History
You have not taken this quiz